[Event "Francophonie-Tch rapid Online"]
[Site "Tornelo"]
[Date "2022.06.04"]
[Round "10.1"]
[White "Sfeiraamed, MohSidi"]
[Black "Chiku-Ratte, Olivier-Kenta"]
[Result "0-1"]
[WhiteElo "1498"]
[BlackElo "2353"]
[PlyCount "84"]
[EventDate "2022.06.04"]
[EventType "team"]
[EventRounds "11"]
[EventCountry "NET"]
[WhiteTeam "MTN"]
[BlackTeam "Kanada"]
[BlackTeamCountry "CAN"]

1. e4 c6 2. Nf3 d5 3. exd5 cxd5 4. d4 Nc6 5. Bb5 Nf6 6. Bxc6+ bxc6 7. O-O Bg4
8. c3 e6 9. Bg5 h6 10. Bh4 Be7 11. Nbd2 O-O 12. Qc2 Bf5 13. Qd1 Rb8 14. b3 c5
15. Bg3 Rb6 16. Re1 cxd4 17. Nxd4 Bh7 18. Qe2 Qc8 19. Rac1 Ba3 20. Rc2 Bxc2 21.
Qe3 Bg6 22. f4 Bb2 23. c4 Qc5 24. Bf2 Bxd4 25. Qxd4 Qxd4 26. Bxd4 Ra6 27. a4
dxc4 28. Nxc4 Nd5 29. g3 Rb8 30. Nd2 Nb4 31. Bc5 Nd3 32. Re5 Nxe5 33. fxe5 Rc6
34. Bd6 Rxd6 35. exd6 Rd8 36. Nc4 Bd3 37. Kf2 Bxc4 38. bxc4 Rxd6 39. Ke3 e5 40.
Ke4 f6 41. c5 Rd4+ 42. Kf5 Kf7 0-1

[Event "Francophonie-Tch rapid Online"]
[Site "Tornelo"]
[Date "2022.06.04"]
[Round "11.1"]
[White "Chiku-Ratte, Olivier-Kenta"]
[Black "Boci, Petro"]
[Result "1-0"]
[WhiteElo "2353"]
[BlackElo "1709"]
[PlyCount "57"]
[EventDate "2022.06.04"]
[EventType "team"]
[EventRounds "11"]
[EventCountry "NET"]
[WhiteTeam "Kanada"]
[BlackTeam "Albanien"]
[WhiteTeamCountry "CAN"]
[BlackTeamCountry "ALB"]

1. d4 Nf6 2. c4 e6 3. Nf3 b6 4. g3 Bb7 5. Bg2 Be7 6. O-O O-O 7. Re1 Ne4 8. d5
exd5 9. cxd5 Bc5 10. e3 Qe7 11. Nh4 g6 12. Nc3 Nxc3 13. bxc3 d6 14. c4 Nd7 15.
Qc2 Ne5 16. Nf3 f6 17. Bb2 Rae8 18. Nd4 Bc8 19. h3 Qg7 20. f4 Nd7 21. Ne6 Qh6
22. Nxf8 Qxf8 23. Bd4 Qf7 24. Kh2 f5 25. Qc3 a5 26. a3 Ba6 27. Ra2 Bxd4 28.
exd4 Nf6 29. Rae2 1-0

[Event "Cherry Blossom Classic"]
[Site "Dulles USA"]
[Date "2022.05.26"]
[Round "1.6"]
[White "Chiku-Ratte, Olivier-Kenta"]
[Black "Kurtz, Eric M"]
[Result "1-0"]
[WhiteElo "2358"]
[BlackElo "2023"]
[PlyCount "67"]
[EventDate "2022.05.26"]
[EventType "swiss"]
[EventRounds "9"]
[EventCountry "USA"]
[Source "ChessMix"]
[SourceDate "2022.06.01"]

1. d4 {[%emt 0:00:03]} Nf6 {[%emt 0:00:08]} 2. Nf3 {[%emt 0:00:09]} e6 {
[%emt 0:00:44]} 3. c4 {[%emt 0:00:13]} d5 {[%emt 0:00:04]} 4. Nc3 {
[%emt 0:00:18]} dxc4 {[%emt 0:00:37]} 5. e3 {[%emt 0:02:20]} a6 {[%emt 0:00:14]
} 6. a4 {[%emt 0:02:33]} b6 {[%emt 0:00:10]} 7. Bxc4 {[%emt 0:00:23]} Bb7 {
[%emt 0:00:37]} 8. O-O {[%emt 0:02:16]} Bb4 {[%emt 0:03:22]} 9. Qe2 {
[%emt 0:07:49]} O-O {[%emt 0:30:51]} 10. Bd3 {[%emt 0:14:53]} Nc6 {
[%emt 0:05:23]} 11. Rd1 {[%emt 0:02:10]} Qe7 {[%emt 0:01:30]} 12. Bd2 {
[%emt 0:16:14]} Rfd8 {[%emt 0:12:18]} 13. Be1 {[%emt 0:07:37]} e5 {
[%emt 0:17:45]} 14. d5 {[%emt 0:09:52]} Na5 {[%emt 0:01:32]} 15. e4 {
[%emt 0:02:23]} Nb3 {[%emt 0:02:59]} 16. Rab1 {[%emt 0:06:12]} Ne8 {
[%emt 0:06:22]} 17. Bc4 {[%emt 0:03:03]} Nc5 {[%emt 0:04:38]} 18. d6 {
[%emt 0:03:53]} Nxd6 {[%emt 0:00:23]} 19. Nd5 {[%emt 0:00:24]} Bxd5 {
[%emt 0:00:04]} 20. Bxd5 {[%emt 0:00:04]} Bxe1 {[%emt 0:00:06]} 21. Bxa8 {
[%emt 0:01:10]} Bxf2+ {[%emt 0:00:05]} 22. Qxf2 {[%emt 0:01:55]} Rxa8 {
[%emt 0:00:01]} 23. Qc2 {[%emt 0:02:45]} f6 {[%emt 0:06:08]} 24. b4 {
[%emt 0:01:53]} Ncxe4 {[%emt 0:01:07]} 25. Qc6 {[%emt 0:00:42]} Rf8 {
[%emt 0:03:30]} 26. Rbc1 {[%emt 0:00:35]} Rf7 {[%emt 0:00:03]} 27. Qa8+ {
[%emt 0:00:30]} Rf8 {[%emt 0:00:53]} 28. Qxa6 {[%emt 0:00:11]} Qf7 {
[%emt 0:00:59]} 29. Qd3 {[%emt 0:03:36]} Ra8 {[%emt 0:00:19]} 30. Rxc7 {
[%emt 0:02:27]} Qa2 {[%emt 0:02:30]} 31. Nd2 Qxa4 {[%emt 0:02:04]} 32. Nxe4 {
[%emt 0:00:16]} Nxe4 {[%emt 0:00:22]} 33. Qd8+ Qe8 {[%emt 0:00:05]} 34. Qd5+ {
[%emt 0:00:05]} 1-0

[Event "Cherry Blossom Classic"]
[Site "Dulles USA"]
[Date "2022.05.27"]
[Round "2.4"]
[White "Garcia, Erick"]
[Black "Chiku-Ratte, Olivier-Kenta"]
[Result "0-1"]
[WhiteElo "2153"]
[BlackElo "2358"]
[PlyCount "82"]
[EventDate "2022.05.26"]
[EventType "swiss"]
[EventRounds "9"]
[EventCountry "USA"]
[Source "ChessMix"]
[SourceDate "2022.06.01"]

1. d4 {[%emt 0:01:09]} Nf6 {[%emt 0:04:30]} 2. c4 {[%emt 0:00:10]} g6 {
[%emt 0:00:23]} 3. g3 {[%emt 0:00:06]} Bg7 {[%emt 0:01:18]} 4. Bg2 {
[%emt 0:00:06]} O-O {[%emt 0:01:44]} 5. Nc3 {[%emt 0:00:06]} d6 {[%emt 0:03:11]
} 6. Nf3 {[%emt 0:00:07]} c6 {[%emt 0:07:32]} 7. e4 {[%emt 0:00:42]} c5 {
[%emt 0:07:06]} 8. d5 {[%emt 0:11:34]} e6 {[%emt 0:00:22]} 9. O-O {
[%emt 0:00:14]} exd5 {[%emt 0:00:04]} 10. exd5 {[%emt 0:00:06]} Re8 {
[%emt 0:06:14]} 11. Re1 {[%emt 0:08:19]} Rxe1+ {[%emt 0:07:49]} 12. Qxe1 {
[%emt 0:00:21]} h6 {[%emt 0:02:33]} 13. h3 {[%emt 0:04:27]} Na6 {[%emt 0:03:31]
} 14. Bf4 {[%emt 0:04:04]} Nb4 {[%emt 0:03:30]} 15. Qd2 {[%emt 0:02:06]} g5 {
[%emt 0:01:50]} 16. Be3 {[%emt 0:00:06]} Bf5 {[%emt 0:00:08]} 17. Ne1 {
[%emt 0:03:01]} Qe7 {[%emt 0:02:29]} 18. a3 {[%emt 0:03:30]} Na6 {
[%emt 0:00:19]} 19. g4 {[%emt 0:02:29]} Bg6 {[%emt 0:04:38]} 20. f3 {
[%emt 0:07:53]} Re8 {[%emt 0:03:15]} 21. Bf2 {[%emt 0:06:21]} Nd7 {
[%emt 0:02:08]} 22. Nd3 {[%emt 0:00:12]} Nc7 {[%emt 0:05:59]} 23. Re1 {
[%emt 0:02:57]} Qf8 {[%emt 0:03:49]} 24. Bg3 {[%emt 0:10:25]} Bd4+ {
[%emt 0:02:20]} 25. Kh2 {[%emt 0:01:27]} Rxe1 {[%emt 0:01:38]} 26. Nxe1 {
[%emt 0:02:18]} Qe7 {[%emt 0:03:46]} 27. Bf1 {[%emt 0:05:19]} Ne5 {
[%emt 0:00:54]} 28. Kg2 {[%emt 0:01:24]} f5 {[%emt 0:03:05]} 29. Nc2 {
[%emt 0:01:54]} f4 {[%emt 0:01:10]} 30. Be1 {[%emt 0:08:11]} Nxf3 {
[%emt 0:01:09]} 31. Kxf3 {[%emt 0:00:12]} Bxc3 {[%emt 0:00:06]} 32. Qxc3 {
[%emt 0:00:44]} Qe4+ {[%emt 0:00:17]} 33. Kf2 {[%emt 0:00:07]} Qxc2+ {
[%emt 0:00:01]} 34. Qxc2 {[%emt 0:00:10]} Bxc2 {[%emt 0:00:02]} 35. Ke2 {
[%emt 0:02:43]} Kf7 {[%emt 0:01:34]} 36. Kd2 {[%emt 0:00:06]} Be4 {
[%emt 0:00:02]} 37. Bf2 {[%emt 0:00:19]} Ne8 {[%emt 0:00:13]} 38. Kc3 {
[%emt 0:00:15]} Bf3 {[%emt 0:00:46]} 39. b4 {[%emt 0:00:41]} b6 {[%emt 0:00:01]
} 40. Be1 {[%emt 0:00:14]} Nf6 {[%emt 0:00:47]} 41. b5 {[%emt 0:00:53]} Ne4+ {
[%emt 0:00:47]} 0-1

[Event "Cherry Blossom Classic"]
[Site "Dulles USA"]
[Date "2022.05.27"]
[Round "3.2"]
[White "Chiku-Ratte, Olivier-Kenta"]
[Black "Paul, Justin"]
[Result "0-1"]
[WhiteElo "2358"]
[BlackElo "2244"]
[PlyCount "86"]
[EventDate "2022.05.26"]
[EventType "swiss"]
[EventRounds "9"]
[EventCountry "USA"]
[Source "ChessMix"]
[SourceDate "2022.06.01"]

1. d4 {[%emt 0:04:04]} d5 {[%emt 0:00:18]} 2. c4 {[%emt 0:00:37]} c6 {
[%emt 0:00:08]} 3. Nf3 {[%emt 0:00:32]} Nf6 {[%emt 0:00:09]} 4. e3 {
[%emt 0:00:04]} a6 {[%emt 0:00:31]} 5. Nc3 {[%emt 0:00:35]} b5 {[%emt 0:00:51]}
6. b3 {[%emt 0:00:05]} Bg4 {[%emt 0:00:25]} 7. Qd2 {[%emt 0:00:04]} Bxf3 {
[%emt 0:04:17]} 8. gxf3 {[%emt 0:00:02]} g6 {[%emt 0:00:14]} 9. Bg2 {
[%emt 0:15:23]} Nbd7 {[%emt 0:11:55]} 10. f4 {[%emt 0:01:50]} e6 {
[%emt 0:11:16]} 11. O-O {[%emt 0:01:11]} Bd6 {[%emt 0:04:34]} 12. cxd5 {
[%emt 0:04:19]} cxd5 {[%emt 0:00:24]} 13. f3 {[%emt 0:03:15]} Nh5 {
[%emt 0:00:47]} 14. Bb2 {[%emt 0:01:50]} O-O {[%emt 0:04:44]} 15. Rac1 {
[%emt 0:11:36]} Ng7 {[%emt 0:18:19]} 16. Ne2 {[%emt 0:14:41]} a5 {
[%emt 0:08:27]} 17. Rc6 {[%emt 0:07:52]} Qe7 {[%emt 0:10:37]} 18. Nc3 {
[%emt 0:10:13]} Bb4 {[%emt 0:04:33]} 19. Qe2 {[%emt 0:08:17]} Nb8 {
[%emt 0:01:07]} 20. Rc5 {[%emt 0:04:48]} Bxc5 {[%emt 0:04:35]} 21. dxc5 {
[%emt 0:00:03]} b4 {[%emt 0:00:21]} 22. Na4 {[%emt 0:03:10]} Nc6 {
[%emt 0:00:25]} 23. Qb5 {[%emt 0:01:32]} Qc7 {[%emt 0:01:33]} 24. Rd1 {
[%emt 0:02:18]} Rab8 {[%emt 0:06:45]} 25. Qe2 {[%emt 0:00:22]} d4 {
[%emt 0:00:47]} 26. exd4 {[%emt 0:00:31]} Nh5 {[%emt 0:00:42]} 27. f5 {
[%emt 0:01:06]} Nf4 {[%emt 0:00:32]} 28. Qf2 {[%emt 0:00:31]} Ne7 {
[%emt 0:01:09]} 29. Nb6 {[%emt 0:01:35]} Ned5 {[%emt 0:00:44]} 30. fxg6 {
[%emt 0:02:16]} fxg6 {[%emt 0:00:05]} 31. Nc4 {[%emt 0:00:04]} Rf5 {
[%emt 0:00:25]} 32. Kh1 {[%emt 0:00:18]} Rbf8 {[%emt 0:03:05]} 33. Nd6 {
[%emt 0:00:51]} Rh5 {[%emt 0:00:41]} 34. Bf1 {[%emt 0:00:22]} Qe7 {
[%emt 0:00:20]} 35. Ne4 {[%emt 0:00:10]} Rhf5 {[%emt 0:01:10]} 36. Nd6 {
[%emt 0:00:16]} Rh5 {[%emt 0:00:06]} 37. Ne4 {[%emt 0:01:22]} Rhf5 {
[%emt 0:00:23]} 38. Nd6 {[%emt 0:00:05]} Nh3 {[%emt 0:00:12]} 39. Bxh3 {
[%emt 0:01:08]} Rxf3 {[%emt 0:00:02]} 40. Qg2 {[%emt 0:00:35]} Ne3 {
[%emt 0:00:02]} 41. Qe2 {[%emt 0:00:22]} Rxh3 {[%emt 0:00:11]} 42. Rd3 {
[%emt 0:00:41]} Qh4 {[%emt 0:01:22]} 43. Kg1 {[%emt 0:00:28]} Rxh2 {
[%emt 0:01:21]} 0-1

[Event "Cherry Blossom Classic"]
[Site "Dulles USA"]
[Date "2022.05.28"]
[Round "4.7"]
[White "Tahmassebi, Bijan"]
[Black "Chiku-Ratte, Olivier-Kenta"]
[Result "0-1"]
[WhiteElo "2168"]
[BlackElo "2358"]
[PlyCount "74"]
[EventDate "2022.05.26"]
[EventType "swiss"]
[EventRounds "9"]
[EventCountry "USA"]
[Source "ChessMix"]
[SourceDate "2022.06.01"]

1. e4 c5 {[%emt 0:02:00]} 2. Nf3 {[%emt 0:00:06]} e6 {[%emt 0:00:48]} 3. d4 {
[%emt 0:00:05]} cxd4 {[%emt 0:00:05]} 4. Nxd4 {[%emt 0:00:03]} Nc6 {
[%emt 0:00:05]} 5. Nc3 {[%emt 0:00:06]} Qc7 {[%emt 0:00:04]} 6. g3 {
[%emt 0:00:10]} a6 {[%emt 0:00:04]} 7. Bg2 {[%emt 0:00:04]} Nf6 {[%emt 0:00:04]
} 8. O-O {[%emt 0:00:12]} h5 {[%emt 0:00:04]} 9. h3 {[%emt 0:01:54]} Bc5 {
[%emt 0:10:35]} 10. Nxc6 {[%emt 0:02:18]} dxc6 {[%emt 0:02:18]} 11. Qf3 {
[%emt 0:07:11]} Nd7 {[%emt 0:04:54]} 12. Be3 {[%emt 0:05:26]} e5 {
[%emt 0:05:38]} 13. Rad1 {[%emt 0:00:55]} Be7 {[%emt 0:00:46]} 14. Qe2 {
[%emt 0:04:04]} h4 {[%emt 0:01:43]} 15. g4 {[%emt 0:00:12]} g5 {[%emt 0:00:40]}
16. a4 {[%emt 0:06:38]} Nf8 {[%emt 0:07:11]} 17. Qd2 {[%emt 0:03:05]} f6 {
[%emt 0:08:51]} 18. Nb1 {[%emt 0:16:10]} b5 {[%emt 0:03:42]} 19. c4 {
[%emt 0:08:24]} bxa4 {[%emt 0:09:51]} 20. Qc2 {[%emt 0:01:22]} Ne6 {
[%emt 0:01:19]} 21. Qxa4 {[%emt 0:02:29]} Rb8 {[%emt 0:04:35]} 22. Qc2 {
[%emt 0:06:08]} Bc5 {[%emt 0:02:18]} 23. Bxc5 {[%emt 0:07:32]} Nxc5 {
[%emt 0:00:56]} 24. Nc3 {[%emt 0:00:14]} Ne6 {[%emt 0:05:34]} 25. Qa4 {
[%emt 0:02:24]} Kf7 {[%emt 0:01:18]} 26. Rd2 {[%emt 0:01:25]} Nd4 {
[%emt 0:00:43]} 27. Ne2 {[%emt 0:02:24]} Nb3 {[%emt 0:01:02]} 28. Rc2 {
[%emt 0:01:03]} Be6 {[%emt 0:00:52]} 29. Rd1 {[%emt 0:00:49]} Rhd8 {
[%emt 0:03:07]} 30. Rxd8 {[%emt 0:00:58]} Qxd8 {[%emt 0:00:23]} 31. Rc3 {
[%emt 0:01:52]} Nc5 {[%emt 0:02:20]} 32. Qc2 {[%emt 0:00:11]} Qb6 {
[%emt 0:00:41]} 33. b3 {[%emt 0:03:32]} Nxb3 {[%emt 0:00:23]} 34. c5 {
[%emt 0:00:18]} Qa5 {[%emt 0:02:34]} 35. Bf1 {[%emt 0:00:05]} Ke7 {
[%emt 0:01:59]} 36. Nc1 {[%emt 0:00:56]} Nd4 {[%emt 0:03:35]} 37. Qd3 {
[%emt 0:01:01]} Rd8 {[%emt 0:01:08]} 0-1

[Event "Cherry Blossom Classic"]
[Site "Dulles USA"]
[Date "2022.05.28"]
[Round "5.3"]
[White "Chiku-Ratte, Olivier-Kenta"]
[Black "Ruiz Castillo, Joshua Daniel"]
[Result "0-1"]
[WhiteElo "2358"]
[BlackElo "2473"]
[PlyCount "52"]
[EventDate "2022.05.26"]
[EventType "swiss"]
[EventRounds "9"]
[EventCountry "USA"]
[Source "ChessMix"]
[SourceDate "2022.06.01"]

1. d4 {[%emt 0:00:28]} d5 {[%emt 0:05:25]} 2. c4 {[%emt 0:00:05]} e6 {
[%emt 0:00:02]} 3. Nc3 {[%emt 0:00:05]} a6 {[%emt 0:00:01]} 4. cxd5 {
[%emt 0:00:06]} exd5 {[%emt 0:00:02]} 5. Bf4 {[%emt 0:00:07]} Nf6 {
[%emt 0:01:06]} 6. e3 {[%emt 0:00:09]} Bd6 {[%emt 0:00:26]} 7. Bg5 {
[%emt 0:00:03]} Be6 {[%emt 0:01:09]} 8. Bd3 {[%emt 0:00:33]} Nbd7 {
[%emt 0:00:58]} 9. f4 {[%emt 0:06:07]} h6 {[%emt 0:11:47]} 10. Bh4 {
[%emt 0:04:01]} g5 {[%emt 0:00:08]} 11. Bg3 {[%emt 0:07:34]} Bg4 {
[%emt 0:01:37]} 12. Nf3 {[%emt 0:02:54]} Qe7 {[%emt 0:00:22]} 13. O-O {
[%emt 0:05:19]} Qxe3+ {[%emt 0:05:24]} 14. Bf2 {[%emt 0:09:26]} Bxf3 {
[%emt 0:00:49]} 15. Qc2 {[%emt 0:09:16]} Qxf4 {[%emt 0:01:09]} 16. g3 {
[%emt 0:29:32]} Qg4 {[%emt 0:00:06]} 17. Bf5 {[%emt 0:02:09]} Qh5 {
[%emt 0:00:07]} 18. Rae1+ {[%emt 0:00:16]} Kf8 {[%emt 0:00:50]} 19. h3 {
[%emt 0:00:48]} g4 {[%emt 0:00:38]} 20. h4 {[%emt 0:00:15]} Re8 {[%emt 0:03:19]
} 21. Rxe8+ {[%emt 0:00:28]} Kxe8 {[%emt 0:00:05]} 22. Re1+ {[%emt 0:00:33]}
Kd8 {[%emt 0:00:06]} 23. Qd3 {[%emt 0:00:58]} Re8 {[%emt 0:00:13]} 24. Rxe8+ {
[%emt 0:00:14]} Nxe8 {[%emt 0:00:10]} 25. Qxf3 {[%emt 0:03:14]} gxf3 {
[%emt 0:00:08]} 26. g4 {[%emt 0:00:03]} Qxf5 {[%emt 0:00:08]} 0-1

[Event "Cherry Blossom Classic"]
[Site "Dulles USA"]
[Date "2022.05.29"]
[Round "6.5"]
[White "Lenderman, Aleksandr"]
[Black "Chiku-Ratte, Olivier-Kenta"]
[Result "1-0"]
[WhiteElo "2591"]
[BlackElo "2358"]
[PlyCount "117"]
[EventDate "2022.05.26"]
[EventType "swiss"]
[EventRounds "9"]
[EventCountry "USA"]
[Source "ChessMix"]
[SourceDate "2022.06.01"]

1. d4 {[%emt 0:23:09]} d5 {[%emt 0:09:29]} 2. c4 {[%emt 0:00:06]} c6 {
[%emt 0:00:03]} 3. cxd5 {[%emt 0:00:16]} cxd5 {[%emt 0:00:06]} 4. Bf4 {
[%emt 0:00:03]} Nc6 {[%emt 0:00:59]} 5. e3 {[%emt 0:00:05]} e6 {[%emt 0:03:36]}
6. Nc3 {[%emt 0:00:18]} Nf6 {[%emt 0:01:28]} 7. Bd3 {[%emt 0:00:39]} Bd6 {
[%emt 0:01:08]} 8. Bxd6 {[%emt 0:00:10]} Qxd6 {[%emt 0:00:04]} 9. f4 {
[%emt 0:00:07]} b6 {[%emt 0:03:21]} 10. Nf3 {[%emt 0:00:57]} Bb7 {
[%emt 0:02:11]} 11. Ne5 {[%emt 0:00:17]} O-O {[%emt 0:00:37]} 12. O-O {
[%emt 0:01:05]} Nb4 {[%emt 0:08:51]} 13. Bb1 {[%emt 0:00:29]} Ne4 {
[%emt 0:02:47]} 14. Bxe4 {[%emt 0:03:41]} dxe4 {[%emt 0:00:05]} 15. a3 {
[%emt 0:00:19]} Na6 {[%emt 0:00:51]} 16. Rc1 {[%emt 0:05:02]} f6 {
[%emt 0:05:49]} 17. Nc4 {[%emt 0:00:27]} Qe7 {[%emt 0:00:05]} 18. Nd2 {
[%emt 0:05:00]} e5 {[%emt 0:03:23]} 19. fxe5 {[%emt 0:02:23]} fxe5 {
[%emt 0:00:30]} 20. Rxf8+ {[%emt 0:10:52]} Rxf8 {[%emt 0:01:55]} 21. Ndxe4 {
[%emt 0:04:55]} exd4 {[%emt 0:07:54]} 22. Qxd4 {[%emt 0:00:12]} Nc5 {
[%emt 0:00:08]} 23. Nxc5 {[%emt 0:00:35]} bxc5 {[%emt 0:00:13]} 24. Qc4+ {
[%emt 0:01:03]} Kh8 {[%emt 0:00:05]} 25. e4 {[%emt 0:00:59]} Qg5 {
[%emt 0:06:57]} 26. Rf1 {[%emt 0:04:55]} Qe3+ {[%emt 0:00:30]} 27. Kh1 {
[%emt 0:00:05]} Rxf1+ {[%emt 0:00:11]} 28. Qxf1 {[%emt 0:00:02]} h6 {
[%emt 0:00:18]} 29. Qf8+ {[%emt 0:02:43]} Kh7 {[%emt 0:00:01]} 30. Qf5+ {
[%emt 0:00:10]} Kh8 {[%emt 0:02:52]} 31. h3 {[%emt 0:00:07]} Qc1+ {
[%emt 0:07:22]} 32. Kh2 {[%emt 0:00:04]} Qxb2 {[%emt 0:00:03]} 33. Qxc5 {
[%emt 0:00:32]} Qc1 {[%emt 0:10:53]} 34. Qf8+ {[%emt 0:04:03]} Kh7 {
[%emt 0:00:06]} 35. Qf5+ {[%emt 0:00:05]} Kh8 {[%emt 0:00:16]} 36. Nb5 {
[%emt 0:00:21]} a6 {[%emt 0:06:41]} 37. Nd6 {[%emt 0:00:41]} Qc7 {
[%emt 0:00:10]} 38. e5 {[%emt 0:02:25]} Bd5 {[%emt 0:01:50]} 39. Qc8+ {
[%emt 0:07:47]} Qxc8 {[%emt 0:00:04]} 40. Nxc8 {[%emt 0:00:05]} g6 {
[%emt 0:03:15]} 41. Nb6 {[%emt 0:04:31]} Bc6 {[%emt 0:00:59]} 42. Nc4 {
[%emt 0:01:59]} Kg7 {[%emt 0:00:32]} 43. Nd2 {[%emt 0:00:11]} Kf7 {
[%emt 0:05:45]} 44. Nb3 {[%emt 0:00:08]} Bd5 {[%emt 0:00:50]} 45. Nd4 {
[%emt 0:00:24]} Ke7 {[%emt 0:01:36]} 46. g4 {[%emt 0:02:05]} Kd7 {
[%emt 0:04:29]} 47. Kg3 {[%emt 0:00:25]} g5 {[%emt 0:00:42]} 48. h4 {
[%emt 0:00:20]} Ke7 {[%emt 0:01:47]} 49. h5 {[%emt 0:02:50]} a5 {[%emt 0:00:17]
} 50. Kf2 {[%emt 0:00:16]} Be6 {[%emt 0:00:35]} 51. Nf5+ {[%emt 0:01:22]} Bxf5
{[%emt 0:00:28]} 52. gxf5 {[%emt 0:00:05]} Kd7 {[%emt 0:00:51]} 53. Ke3 {
[%emt 0:00:05]} Kc7 {[%emt 0:00:24]} 54. Ke4 {[%emt 0:00:10]} Kd7 {
[%emt 0:00:12]} 55. Kd5 {[%emt 0:00:05]} Ke7 {[%emt 0:00:15]} 56. f6+ {
[%emt 0:00:10]} Kf7 {[%emt 0:00:38]} 57. a4 {[%emt 0:00:06]} Kf8 {
[%emt 0:00:21]} 58. e6 {[%emt 0:00:05]} Ke8 {[%emt 0:00:08]} 59. Kd6 {
[%emt 0:00:21]} 1-0

[Event "Cherry Blossom Classic"]
[Site "Dulles USA"]
[Date "2022.05.29"]
[Round "7.10"]
[White "Chiku-Ratte, Olivier-Kenta"]
[Black "Wang, Ellen"]
[Result "1-0"]
[WhiteElo "2358"]
[BlackElo "1963"]
[PlyCount "196"]
[EventDate "2022.05.26"]
[EventType "swiss"]
[EventRounds "9"]
[EventCountry "USA"]
[Source "ChessMix"]
[SourceDate "2022.06.01"]

1. d4 {[%emt 0:02:39]} d5 {[%emt 0:00:04]} 2. c4 {[%emt 0:00:32]} e6 {
[%emt 0:00:08]} 3. Nc3 {[%emt 0:00:05]} c6 {[%emt 0:00:04]} 4. e3 {
[%emt 0:00:28]} Nf6 {[%emt 0:00:06]} 5. Nf3 {[%emt 0:00:28]} Nbd7 {
[%emt 0:00:06]} 6. Bd3 {[%emt 0:00:04]} dxc4 {[%emt 0:00:06]} 7. Bxc4 {
[%emt 0:00:06]} b5 {[%emt 0:00:05]} 8. Bd3 {[%emt 0:00:36]} Bd6 {[%emt 0:00:06]
} 9. g4 {[%emt 0:02:20]} h6 {[%emt 0:05:34]} 10. Rg1 {[%emt 0:00:29]} e5 {
[%emt 0:09:47]} 11. Ne4 {[%emt 0:03:08]} Nxe4 {[%emt 0:21:20]} 12. Bxe4 {
[%emt 0:01:47]} Bb7 {[%emt 0:00:16]} 13. Qc2 {[%emt 0:03:27]} Qb6 {
[%emt 0:05:22]} 14. Bd2 {[%emt 0:02:25]} a5 {[%emt 0:12:15]} 15. h4 {
[%emt 0:02:33]} b4 {[%emt 0:05:30]} 16. Rc1 {[%emt 0:03:27]} Rc8 {
[%emt 0:01:24]} 17. g5 {[%emt 0:01:11]} hxg5 {[%emt 0:10:36]} 18. Nxg5 {
[%emt 0:03:44]} Nf6 {[%emt 0:05:44]} 19. Bg6 {[%emt 0:01:52]} Rc7 {
[%emt 0:04:40]} 20. Nxf7 {[%emt 0:19:37]} Rxf7 {[%emt 0:00:11]} 21. Qc4 {
[%emt 0:00:05]} O-O {[%emt 0:04:44]} 22. h5 {[%emt 0:02:40]} Qb5 {
[%emt 0:02:29]} 23. Bxf7+ {[%emt 0:09:14]} Rxf7 {[%emt 0:00:02]} 24. h6 {
[%emt 0:00:12]} Qxc4 {[%emt 0:01:34]} 25. Rxc4 {[%emt 0:00:32]} e4 {
[%emt 0:02:18]} 26. a3 {[%emt 0:00:41]} Nd5 {[%emt 0:01:14]} 27. axb4 {
[%emt 0:03:28]} axb4 {[%emt 0:00:26]} 28. Rc1 {[%emt 0:00:50]} Kh7 {
[%emt 0:02:02]} 29. hxg7 {[%emt 0:00:53]} Rxg7 {[%emt 0:00:02]} 30. Rxg7+ {
[%emt 0:00:10]} Kxg7 {[%emt 0:00:01]} 31. Ra1 Kf6 {[%emt 0:00:23]} 32. f3 {
[%emt 0:01:16]} exf3 {[%emt 0:02:53]} 33. Kf2 {[%emt 0:00:38]} Nb6 {
[%emt 0:02:59]} 34. Ra7 {[%emt 0:02:07]} Bc8 {[%emt 0:00:12]} 35. e4 {
[%emt 0:00:21]} Ke6 {[%emt 0:01:01]} 36. Kxf3 {[%emt 0:02:16]} Nc4 {
[%emt 0:01:14]} 37. Bc1 {[%emt 0:00:05]} Nb6 {[%emt 0:00:22]} 38. b3 {
[%emt 0:03:43]} Bb8 {[%emt 0:00:49]} 39. Rh7 {[%emt 0:00:33]} Ba6 {
[%emt 0:00:28]} 40. Bf4 {[%emt 0:00:23]} Bxf4 {[%emt 0:00:36]} 41. Kxf4 Bb5 {
[%emt 0:00:28]} 42. Rh6+ {[%emt 0:00:21]} Kd7 {[%emt 0:00:23]} 43. Ke5 {
[%emt 0:00:04]} Nc8 {[%emt 0:00:41]} 44. Rh7+ {[%emt 0:00:05]} Kd8 {
[%emt 0:00:04]} 45. Rb7 {[%emt 0:00:05]} Bd3 {[%emt 0:01:06]} 46. d5 {
[%emt 0:01:05]} cxd5 {[%emt 0:00:22]} 47. exd5 {[%emt 0:00:09]} Be2 {
[%emt 0:00:32]} 48. d6 {[%emt 0:02:11]} Bf3 {[%emt 0:00:34]} 49. Rxb4 {
[%emt 0:01:04]} Kd7 {[%emt 0:00:10]} 50. Rf4 {[%emt 0:00:36]} Bd1 {
[%emt 0:00:23]} 51. Rf7+ {[%emt 0:00:11]} Kd8 {[%emt 0:00:04]} 52. b4 {
[%emt 0:00:44]} Nb6 {[%emt 0:00:24]} 53. Rg7 {[%emt 0:01:02]} Bb3 {
[%emt 0:00:47]} 54. Kd4 {[%emt 0:00:45]} Bc2 {[%emt 0:00:55]} 55. b5 {
[%emt 0:00:29]} Bd1 {[%emt 0:00:51]} 56. Kc5 {[%emt 0:02:49]} Nd7+ {
[%emt 0:00:11]} 57. Kb4 {[%emt 0:00:13]} Nb6 {[%emt 0:01:55]} 58. Rb7 Nc8 {
[%emt 0:00:43]} 59. Kc5 {[%emt 0:00:09]} Bf3 {[%emt 0:00:27]} 60. Rf7 {
[%emt 0:00:17]} Be4 {[%emt 0:00:26]} 61. b6 {[%emt 0:02:48]} Nxb6 {
[%emt 0:00:30]} 62. Kxb6 Bg2 {[%emt 0:00:18]} 63. Rg7 {[%emt 0:00:37]} Be4 {
[%emt 0:00:34]} 64. Kc5 {[%emt 0:00:37]} Bf5 {[%emt 0:00:38]} 65. Ra7 {
[%emt 0:00:28]} Be4 {[%emt 0:00:29]} 66. Kd4 {[%emt 0:00:44]} Bf3 {
[%emt 0:00:23]} 67. Rg7 {[%emt 0:00:38]} Be2 {[%emt 0:00:40]} 68. Kd5 {
[%emt 0:00:29]} Bd1 {[%emt 0:00:39]} 69. Rg1 {[%emt 0:04:22]} Be2 {
[%emt 0:00:25]} 70. Rg3 {[%emt 0:00:20]} Bb5 {[%emt 0:00:39]} 71. Rb3 {
[%emt 0:00:11]} Bf1 {[%emt 0:00:23]} 72. Rb8+ {[%emt 0:00:42]} Kd7 {
[%emt 0:00:04]} 73. Rb7+ {[%emt 0:00:03]} Kd8 {[%emt 0:00:03]} 74. Rf7 {
[%emt 0:00:08]} Bd3 {[%emt 0:00:39]} 75. Rf3 {[%emt 0:00:45]} Bb5 {
[%emt 0:00:26]} 76. Rc3 {[%emt 0:00:20]} Bd7 {[%emt 0:01:08]} 77. Rb3 {
[%emt 0:01:45]} Bf5 {[%emt 0:00:39]} 78. Rf3 {[%emt 0:00:41]} Bb1 {
[%emt 0:00:23]} 79. Rf1 {[%emt 0:00:13]} Bc2 {[%emt 0:00:31]} 80. Ra1 {
[%emt 0:00:29]} Bd3 {[%emt 0:00:38]} 81. Ra3 {[%emt 0:00:14]} Bf1 {
[%emt 0:00:17]} 82. Rg3 {[%emt 0:00:10]} Bb5 {[%emt 0:00:05]} 83. Rg8+ {
[%emt 0:00:25]} Kd7 84. Rh8 {[%emt 0:00:38]} Be2 {[%emt 0:00:32]} 85. Rg8 {
[%emt 0:00:25]} Bb5 {[%emt 0:00:26]} 86. Rf8 {[%emt 0:00:57]} Bd3 {
[%emt 0:01:01]} 87. Rf7+ {[%emt 0:01:20]} Kd8 {[%emt 0:00:01]} 88. Re7 {
[%emt 0:00:30]} Bf1 {[%emt 0:00:30]} 89. Re1 {[%emt 0:00:36]} Bg2+ {
[%emt 0:01:04]} 90. Ke5 {[%emt 0:00:09]} Bf3 {[%emt 0:00:39]} 91. Re3 {
[%emt 0:00:09]} Bg4 {[%emt 0:00:33]} 92. Rg3 {[%emt 0:00:12]} Be2 {
[%emt 0:00:22]} 93. Rg2 {[%emt 0:00:33]} Bd1 {[%emt 0:00:30]} 94. Rd2 {
[%emt 0:00:09]} Bg4 {[%emt 0:00:47]} 95. d7 {[%emt 0:01:05]} Bxd7 {
[%emt 0:00:30]} 96. Kd6 {[%emt 0:00:04]} Ke8 {[%emt 0:00:47]} 97. Re2+ {
[%emt 0:00:08]} Kd8 {[%emt 0:00:02]} 98. Rh2 {[%emt 0:00:16]} Bg4 {
[%emt 0:00:39]} 1-0